[Event "Pozarevac Rudar IM 04"]
[Site "Pozarevac"]
[Date "2024.04.16"]
[Round "8"]
[White "Kotronias, Vasilios"]
[Black "Hesham, Abdelrahman"]
[Result "0-1"]
[WhiteElo "2461"]
[BlackElo "2366"]
[PlyCount "98"]
[EventDate "2024.04.10"]
[EventType "tourn"]
[EventRounds "9"]
[EventCountry "SRB"]
[EventCategory "1"]
[SourceTitle "CB17_2024"]
[SourceDate "2024.04.24"]
[SourceVersion "1"]
[SourceVersionDate "2024.04.24"]
[SourceQuality "1"]

1. e4 c5 2. Nf3 d6 3. d4 cxd4 4. Nxd4 Nf6 5. Nc3 a6 6. Bg5 Nbd7 7. Bc4 Qb6 8. Bb3 e6 9. Qd2 Be7 10. 0-0-0 Nc5 11. f3 Qc7 12. Kb1 b5 13. a3 Rb8 14. g4 Qb7 15. Be3 Nfd7 16. h4 Ne5 17. Qe2 Bd7 18. f4 Nc4 19. Bc1 0-0 20. g5 Rfc8 21. Bxc4 bxc4 22. Rh3 Bd8 23. Qe3 Ba5 24. Nde2 Rc6 25. Rxd6 Rxd6 26. Qxc5 Rb6 27. Nd1 Bd2 28. Qe5 Rb5 29. Qd6 e5 30. f5 Bxf5 31. Qxd2 Bxh3 32. Nec3 Rb6 33. Nd5 Rc6 34. Qh2 Be6 35. Qxe5 Bxd5 36. exd5 Rb6 37. Ne3 f6 38. gxf6 Rxf6 39. Nxc4 Rd8 40. Ne3 Qf7 41. c4 Re8 42. Qc3 Rf3 43. c5 Rexe3 44. Bxe3 Qxd5 45. Kc2 Rh3 46. Qd3 Qxd3+ 47. Kxd3 Kf7 48. b4 Ke6 49. a4 Rxh4 0-1

[Event "Pozarevac Rudar IM 04"]
[Site "Pozarevac"]
[Date "2024.04.14"]
[Round "5"]
[White "Zlatkov, Anton"]
[Black "Kotronias, Vasilios"]
[Result "1-0"]
[WhiteElo "2205"]
[BlackElo "2461"]
[PlyCount "89"]
[EventDate "2024.04.10"]
[EventType "tourn"]
[EventRounds "9"]
[EventCountry "SRB"]
[EventCategory "1"]
[SourceTitle "CB17_2024"]
[SourceDate "2024.04.24"]
[SourceVersion "1"]
[SourceVersionDate "2024.04.24"]
[SourceQuality "1"]

1. Nf3 Nf6 2. c4 g6 3. g3 b6 4. Bg2 Bb7 5. 0-0 Bg7 6. d4 0-0 7. Nc3 Ne4 8. Bd2 d6 9. Qc2 Nxd2 10. Qxd2 e6 11. Ne1 Bxg2 12. Nxg2 Nc6 13. d5 Ne5 14. b3 Nd7 15. dxe6 fxe6 16. Rad1 a6 17. f4 Qb8 18. Ne4 b5 19. Qc2 Qb6+ 20. Kh1 bxc4 21. Qxc4 d5 22. Qc2 c5 23. Ng5 Nf6 24. e4 h6 25. e5 hxg5 26. exf6 Rxf6 27. fxg5 Rxf1+ 28. Rxf1 e5 29. Ne3 Rd8 30. Ng4 e4 31. Nf6+ Bxf6 32. gxf6 Kf7 33. Qd2 Rd6 34. Qh6 Rxf6 35. Qh7+ Ke6 36. Qg8+ Ke5 37. Qg7 e3 38. g4 d4 39. g5 Qb7+ 40. Qxb7 Rxf1+ 41. Kg2 Rf5 42. Qxa6 Rxg5+ 43. Kf1 Rf5+ 44. Ke1 g5 45. Qc6 1-0

[Event "Pozarevac Rudar IM 04"]
[Site "Pozarevac"]
[Date "2024.04.11"]
[Round "2"]
[White "Kotronias, Vasilios"]
[Black "Garv, Rai"]
[Result "1/2-1/2"]
[WhiteElo "2461"]
[BlackElo "2241"]
[PlyCount "121"]
[EventDate "2024.04.10"]
[EventType "tourn"]
[EventRounds "9"]
[EventCountry "SRB"]
[EventCategory "1"]
[SourceTitle "CB17_2024"]
[SourceDate "2024.04.24"]
[SourceVersion "1"]
[SourceVersionDate "2024.04.24"]
[SourceQuality "1"]

1. e4 e5 2. Nf3 Nc6 3. Bb5 Nf6 4. d3 Bc5 5. Bxc6 dxc6 6. 0-0 Qe7 7. Nbd2 Bd6 8. Nc4 Nd7 9. d4 f6 10. Ne3 g6 11. Nc4 exd4 12. Nxd6+ cxd6 13. Nxd4 Nc5 14. Bf4 0-0 15. Nxc6 Qxe4 16. Ne7+ Qxe7 17. Bxd6 Qd7 18. Bxc5 Qxd1 19. Rfxd1 Re8 20. Be3 Be6 21. a4 a6 22. Rd6 Rac8 23. c3 Kf7 24. Bb6 Rc6 25. Rxc6 bxc6 26. b4 Bb3 27. Be3 Rd8 28. Bd4 Re8 29. h4 Re2 30. Kh2 h5 31. Bc5 Ke6 32. Kg3 Kf5 33. Bd4 g5 34. Rh1 Kg6 35. a5 Bd5 36. f3 Bc4 37. Bc5 Rc2 38. Bd4 Re2 39. Rh2 Re1 40. hxg5 fxg5 41. f4 h4+ 42. Kf3 Rf1+ 43. Ke4 Rxf4+ 44. Ke5 Rf6 45. Be3 Bd5 46. Kd4 Re6 47. Bf2 Re4+ 48. Kc5 Rg4 49. Kb6 Rxg2 50. Rxg2 Bxg2 51. Kxa6 Kh5 52. Kb6 Bf1 53. a6 Bxa6 54. Kxa6 h3 55. Bg3 Kg4 56. Bd6 Kf3 57. c4 g4 58. b5 cxb5 59. cxb5 g3 60. Bxg3 Kxg3 61. b6 1/2-1/2

[Event "Budapest FS03 GM-2"]
[Site "Budapest"]
[Date "2024.03.20"]
[Round "6"]
[White "Muthaiah, Al"]
[Black "Kotronias, Vasilios"]
[Result "1-0"]
[WhiteElo "2454"]
[BlackElo "2448"]
[PlyCount "117"]
[EventDate "2024.03.14"]
[EventType "tourn"]
[EventRounds "9"]
[EventCountry "HUN"]
[EventCategory "7"]
[SourceTitle "CB15_2024"]
[SourceDate "2024.04.10"]
[SourceVersion "1"]
[SourceVersionDate "2024.04.10"]
[SourceQuality "1"]

1. d4 Nf6 2. c4 c5 3. Nf3 cxd4 4. Nxd4 e5 5. Nb5 d5 6. cxd5 a6 7. N5c3 Bc5 8. e3 0-0 9. Be2 e4 10. Nd2 Qe7 11. a3 Rd8 12. b4 Bd6 13. Nc4 b5 14. Nxd6 Rxd6 15. Bb2 Nbd7 16. Qd4 Bb7 17. Rd1 Rd8 18. 0-0 Nb6 19. h3 h6 20. Ba1 Nbxd5 21. Nxd5 Rxd5 22. Qb6 R8d6 23. Qa7 Rd2 24. Bxf6 gxf6 25. Bg4 Rxd1 26. Rxd1 Rxd1+ 27. Bxd1 Qc7 28. Bb3 Kg7 29. g3 Qd7 30. Kg2 Qc6 31. g4 Kg6 32. Qd4 Kg7 33. Qd8 Qc3 34. Bxf7 Kxf7 35. Qd7+ Kf8 36. Qxb7 Qxa3 37. Qxe4 Qc3 38. Qd4 Qc6+ 39. Kg3 Ke7 40. f4 Kf7 41. Kh4 Qb7 42. Kh5 Kg7 43. e4 Qf7+ 44. Kh4 Qe7 45. Kg3 Kf7 46. e5 fxe5 47. fxe5 Qe6 48. Qd6 Qc4 49. Qf6+ Ke8 50. e6 Qc7+ 51. Kh4 Qe7 52. Qxe7+ Kxe7 53. Kh5 a5 54. bxa5 b4 55. a6 b3 56. a7 b2 57. a8Q b1Q 58. Qd5 Qc1 59. h4 1-0

[Event "Budapest FS03 GM"]
[Site "Budapest"]
[Date "2024.03.11"]
[Round "9"]
[White "Seres, Lajos"]
[Black "Kotronias, Vasilios"]
[Result "1-0"]
[WhiteElo "2326"]
[BlackElo "2448"]
[PlyCount "65"]
[EventDate "2024.03.02"]
[EventType "tourn"]
[EventRounds "10"]
[EventCountry "HUN"]
[EventCategory "6"]
[SourceTitle "CB12_2024"]
[SourceDate "2023.10.01"]
[SourceVersion "1"]
[SourceVersionDate "2023.10.01"]
[SourceQuality "1"]

1. d4 Nf6 2. c4 g6 3. Nf3 Bg7 4. g3 0-0 5. Bg2 d6 6. Nc3 Nbd7 7. 0-0 e5 8. e4 exd4 9. Nxd4 Re8 10. h3 Nc5 11. Re1 h6 12. f3 c6 13. Be3 Nfd7 14. f4 a5 15. b3 h5 16. Qd2 Nf6 17. Bf2 Bd7 18. Rad1 Qc8 19. Kh2 Qc7 20. Nc2 h4 21. gxh4 Bh6 22. Kg1 Ne6 23. Be3 Rad8 24. f5 Bxe3+ 25. Nxe3 Nc5 26. Ng4 Nxg4 27. hxg4 Kh7 28. h5 gxf5 29. exf5 f6 30. Qd4 Qb6 31. Kh1 Re5 32. Rxe5 dxe5 33. Qd6 1-0

[Event "Pozarevac Rudar GM 02"]
[Site "Pozarevac"]
[Date "2024.02.13"]
[Round "7"]
[White "Kotronias, Vasilios"]
[Black "Apaar, Saxena"]
[Result "0-1"]
[WhiteElo "2453"]
[BlackElo "2270"]
[PlyCount "50"]
[EventDate "2024.02.08"]
[EventType "tourn"]
[EventRounds "9"]
[EventCountry "SRB"]
[EventCategory "7"]
[SourceTitle "CB08_2024"]
[SourceDate "2024.02.21"]
[SourceVersion "1"]
[SourceVersionDate "2024.02.21"]
[SourceQuality "1"]

1. e4 e5 2. Nf3 Nc6 3. Nc3 Nf6 4. d4 exd4 5. Nxd4 Bb4 6. Nxc6 bxc6 7. Bd3 0-0 8. 0-0 d5 9. exd5 cxd5 10. h3 Re8 11. Qf3 Rb8 12. Bg5 Bb7 13. Rad1 Be7 14. Nb5 c5 15. Rfe1 Qb6 16. Qg3 Nh5 17. Qe5 f6 18. Qe2 g6 19. Bh6 c4 20. Bxc4 dxc4 21. Qxc4+ Kh8 22. Nc7 Rbc8 23. Rd7 Bc5 24. Rxe8+ Rxe8 25. Nxe8 Bxf2+ 0-1

[Event "Pozarevac Rudar GM-B 01"]
[Site "Pozarevac"]
[Date "2024.02.03"]
[Round "4.3"]
[White "Kotronias, Vasilios"]
[Black "Zemlyanskii, Ivan"]
[Result "0-1"]
[WhiteElo "2453"]
[BlackElo "2492"]
[PlyCount "94"]
[EventDate "2024.01.31"]
[EventType "tourn"]
[EventRounds "9"]
[EventCountry "SRB"]
[SourceTitle "CB07_2024"]
[SourceDate "2024.02.14"]
[SourceVersion "1"]
[SourceVersionDate "2024.02.14"]
[SourceQuality "1"]
[WhiteTeam "TIeam A"]
[BlackTeam "TIeam D"]
[WhiteTeamCountry "SRB"]
[BlackTeamCountry "SRB"]

1. e4 c5 2. Nf3 d6 3. d4 cxd4 4. Nxd4 Nf6 5. Nc3 g6 6. g3 Bg7 7. Bg2 0-0 8. 0-0 Nc6 9. Nde2 Rb8 10. a4 a6 11. Bg5 b5 12. axb5 axb5 13. Nd5 Nd7 14. Qc1 Re8 15. Rd1 Bb7 16. c3 Nc5 17. Ra3 Ne5 18. Nd4 Ne6 19. Nxe6 fxe6 20. Nf4 Qd7 21. Nd3 Nxd3 22. Rxd3 Bc6 23. Rb3 Ra8 24. h4 Ra4 25. Rb4 Rea8 26. Rxa4 bxa4 27. Bh6 Bf6 28. h5 Ra5 29. hxg6 hxg6 30. Be3 Qb7 31. f3 Rb5 32. Rd2 Rb3 33. Kf2 Bb5 34. e5 dxe5 35. Qh1 Be8 36. f4 Qb8 37. fxe5 Bxe5 38. Qh4 Bf6 39. Qe4 Rxb2 40. Qxe6+ Bf7 41. Qc6 a3 42. Bd5 Rxd2+ 43. Bxd2 Bxd5 44. Qxd5+ Kg7 45. g4 Qb2 46. Kf3 a2 47. g5 Bxc3 0-1

[Event "Pozarevac Rudar GM 01"]
[Site "Pozarevac"]
[Date "2024.01.29"]
[Round "8.3"]
[White "Kotronias, Vasilios"]
[Black "Akbas, Umut Ata"]
[Result "1-0"]
[WhiteElo "2453"]
[BlackElo "2438"]
[PlyCount "185"]
[EventDate "2024.01.24"]
[EventType "tourn"]
[EventRounds "9"]
[EventCountry "SRB"]
[SourceTitle "CB06_2024"]
[SourceDate "2024.02.07"]
[SourceVersion "1"]
[SourceVersionDate "2024.02.07"]
[SourceQuality "1"]
[WhiteTeam "Team A"]
[BlackTeam "Team C"]
[WhiteTeamCountry "SRB"]
[BlackTeamCountry "SRB"]

1. e4 c5 2. Nc3 a6 3. Nge2 d6 4. g3 g6 5. Bg2 Bg7 6. d4 cxd4 7. Nxd4 Nf6 8. 0-0 0-0 9. h3 Bd7 10. Bg5 Nc6 11. Nxc6 Bxc6 12. Nd5 e6 13. Nxf6+ Bxf6 14. Bxf6 Qxf6 15. c3 Rfd8 16. Re1 Rd7 17. Qd2 Qd8 18. Rad1 b5 19. h4 d5 20. e5 Rc8 21. Qd4 h5 22. Bf1 Qe7 23. Re3 Bb7 24. Rf3 Qc5 25. Rf4 Qxd4 26. Rfxd4 Kf8 27. Bd3 Ke7 28. Re1 Bc6 29. f3 a5 30. a3 Rb8 31. Rc1 Rdb7 32. Kf2 Bd7 33. Ra1 Rg8 34. Rf4 Rc7 35. Bf1 Rb8 36. Bd3 Rg8 37. Rd1 Rb8 38. Ra1 Rg8 39. Rg1 Rb8 40. g4 Rh8 41. Kg3 Rcc8 42. Rd1 Rh6 43. Be2 Rch8 44. g5 R6h7 45. Rf6 Rc8 46. Rd4 Rg7 47. Kf2 Rc7 48. Ke3 Rc5 49. Kd2 Rc7 50. Ke3 Rg8 51. f4 Rc5 52. f5 Rcc8 53. fxg6 fxg6 54. Rdf4 Be8 55. Kd4 Rc7 56. b3 Rg7 57. Rf8 Rb7 58. Rh8 Rf7 59. Rxf7+ Bxf7 60. Ra8 a4 61. bxa4 bxa4 62. Rxa4 Be8 63. Ra5 Rb2 64. Ra7+ Kf8 65. Ke3 Rc2 66. Kd3 Ra2 67. Ra5 Ke7 68. Bd1 Rh2 69. Ra7+ Kf8 70. a4 Rxh4 71. a5 Ba4 72. a6 Bb5+ 73. Kd2 Rh2+ 74. Ke3 Ra2 75. Ra8+ Kg7 76. a7 Bf1 77. Kd4 Ra5 78. Re8 Rxa7 79. Rxe6 Bh3 80. Rd6 Bf5 81. Bb3 h4 82. Bxd5 h3 83. Rb6 Ra4+ 84. Rb4 Ra1 85. Rb7+ Kh8 86. Rb2 Kg7 87. c4 Rd1+ 88. Kc5 Rg1 89. Rb7+ Kf8 90. Kd6 Rxg5 91. e6 Bxe6 92. Kxe6 h2 93. Rh7 1-0

[Event "Pozarevac Rudar GM 01"]
[Site "Pozarevac"]
[Date "2024.01.28"]
[Round "6.3"]
[White "Zemlyanskii, Ivan"]
[Black "Kotronias, Vasilios"]
[Result "1/2-1/2"]
[WhiteElo "2492"]
[BlackElo "2453"]
[PlyCount "106"]
[EventDate "2024.01.24"]
[EventType "tourn"]
[EventRounds "9"]
[EventCountry "SRB"]
[SourceTitle "CB06_2024"]
[SourceDate "2024.02.07"]
[SourceVersion "1"]
[SourceVersionDate "2024.02.07"]
[SourceQuality "1"]
[WhiteTeam "Team B"]
[BlackTeam "Team A"]
[WhiteTeamCountry "SRB"]
[BlackTeamCountry "SRB"]

1. d4 Nf6 2. c4 g6 3. Nc3 Bg7 4. e4 d6 5. Nf3 0-0 6. Be2 e5 7. 0-0 exd4 8. Nxd4 Re8 9. f3 c6 10. Nc2 Na6 11. Kh1 Nc7 12. Bg5 h6 13. Bh4 d5 14. cxd5 cxd5 15. Qe1 g5 16. Bg3 Be6 17. Rd1 Qe7 18. Nd4 Rad8 19. Nxe6 fxe6 20. Nb5 Na6 21. Nd4 Rc8 22. Bb5 Red8 23. exd5 Rxd5 24. Bf2 Nh5 25. Bxa6 bxa6 26. Nc6 Rxc6 27. Rxd5 Bxb2 28. Rd3 Nf4 29. Rb3 Rc1 30. Qxc1 Bxc1 31. Rxc1 Kf7 32. Be3 Nd5 33. Bd4 h5 34. Rcb1 Kg6 35. Rb7 Qa3 36. Re1 Nf4 37. Rg7+ Kh6 38. h4 gxh4 39. Rf7 e5 40. Bxe5 Nd3 41. Bg7+ Kg6 42. Ree7 h3 43. Kh2 hxg2 44. Rf6+ Kg5 45. Re4 g1Q+ 46. Kxg1 Qc5+ 47. Kg2 Qf2+ 48. Kh3 Qf1+ 49. Kh2 Qf2+ 50. Kh3 Qf1+ 51. Kh2 Qf2+ 52. Kh3 Qf1+ 53. Kh2 Qf2+ 1/2-1/2

[Event "GRE-ch 72nd"]
[Site "Athens"]
[Date "2023.12.09"]
[Round "9"]
[White "Mitsis, Georgios"]
[Black "Kotronias, Vasilios"]
[Result "0-1"]
[WhiteElo "2385"]
[BlackElo "2440"]
[PlyCount "108"]
[EventDate "2023.12.01"]
[EventType "tourn"]
[EventRounds "9"]
[EventCountry "GRE"]
[EventCategory "6"]
[SourceTitle "CB50_2023"]
[SourceDate "2023.12.13"]
[SourceVersion "1"]
[SourceVersionDate "2023.12.13"]
[SourceQuality "1"]

1. d4 Nf6 2. Nf3 g6 3. c4 Bg7 4. Nc3 0-0 5. e4 d6 6. Be2 e5 7. Be3 exd4 8. Nxd4 Re8 9. Qc2 Na6 10. f3 c6 11. Rd1 Qe7 12. Bf2 Nh5 13. Qd2 Be5 14. 0-0 Nf4 15. Kh1 h5 16. Be3 Qf6 17. g3 Nxe2 18. Ndxe2 Bh3 19. Rf2 Nc5 20. Nd4 Qe7 21. Qc1 a5 22. Nce2 Bg7 23. Nf4 Bd7 24. Ng2 Rac8 25. Qd2 a4 26. h4 Be6 27. Qb4 Nxe4 28. fxe4 c5 29. Qd2 cxd4 30. Bxd4 Bxd4 31. Qxd4 Rxc4 32. Qxd6 Rxe4 33. Qxe7 Rxe7 34. a3 Bd7 35. Rdd2 Bc6 36. Kh2 Kg7 37. Rc2 Rd4 38. Rfd2 Red7 39. Rxd4 Rxd4 40. Ne3 Rd3 41. Nf1 Rd1 42. Rf2 f6 43. Kh3 Re1 44. Nd2 Bd5 45. Nf3 Rh1+ 46. Kg2 Rd1 47. Kh3 b6 48. Nd2 Kf7 49. Nf1 Ke7 50. Ne3 Rh1+ 51. Rh2 Be6+ 52. Kg2 Rxh2+ 53. Kxh2 Kd6 54. Kg2 Ke5 0-1

[Event "GRE-ch 72nd"]
[Site "Athens"]
[Date "2023.12.08"]
[Round "8"]
[White "Kotronias, Vasilios"]
[Black "Alexakis, Dimitris"]
[Result "1-0"]
[WhiteElo "2440"]
[BlackElo "2458"]
[PlyCount "75"]
[EventDate "2023.12.01"]
[EventType "tourn"]
[EventRounds "9"]
[EventCountry "GRE"]
[EventCategory "6"]
[SourceTitle "CB50_2023"]
[SourceDate "2023.12.13"]
[SourceVersion "1"]
[SourceVersionDate "2023.12.13"]
[SourceQuality "1"]

1. e4 c5 2. Nc3 Nc6 3. Nf3 Nf6 4. d4 cxd4 5. Nxd4 d6 6. Bg5 g6 7. Bxf6 exf6 8. Bb5 Bd7 9. 0-0 Bg7 10. Ba4 0-0 11. Nxc6 Bxc6 12. Qd3 Rb8 13. Rad1 Re8 14. Bxc6 bxc6 15. b3 Qa5 16. Na4 Rbd8 17. g3 Re6 18. Qf3 Rde8 19. c4 h5 20. Rd3 h4 21. Kg2 Qg5 22. Nc3 a5 23. Rfd1 Bf8 24. g4 Qe5 25. Rd5 cxd5 26. Rxd5 Bg7 27. Rxe5 Rxe5 28. Kh3 a4 29. b4 a3 30. Qd3 Bh6 31. b5 f5 32. gxf5 gxf5 33. exf5 Be3 34. Nd5 Bc5 35. Nf6+ Kg7 36. Nxe8+ Rxe8 37. Qc3+ f6 38. Qf3 1-0

[Event "GRE-ch 72nd"]
[Site "Athens"]
[Date "2023.12.03"]
[Round "3"]
[White "Kotronias, Vasilios"]
[Black "Kourkoulos Arditis, Stamatis"]
[Result "0-1"]
[WhiteElo "2440"]
[BlackElo "2543"]
[PlyCount "64"]
[EventDate "2023.12.01"]
[EventType "tourn"]
[EventRounds "9"]
[EventCountry "GRE"]
[EventCategory "6"]
[SourceTitle "CB50_2023"]
[SourceDate "2023.12.13"]
[SourceVersion "1"]
[SourceVersionDate "2023.12.13"]
[SourceQuality "1"]

1. e4 e5 2. Nf3 Nc6 3. Bb5 a6 4. Ba4 Nf6 5. 0-0 d6 6. Bxc6+ bxc6 7. d4 exd4 8. Nxd4 c5 9. Nf5 d5 10. Bg5 Bxf5 11. exf5 Be7 12. c4 0-0 13. cxd5 Rb8 14. Nc3 Rxb2 15. Qf3 h6 16. Be3 Bd6 17. Rab1 Qb8 18. g3 Re8 19. Qd1 Rxb1 20. Qxb1 Qb4 21. Qd3 Be5 22. Bd2 Qg4 23. Kg2 Qd4 24. Qc2 Qc4 25. Rc1 Bxc3 26. Bxc3 Re2 27. Qb3 Qe4+ 28. Kg1 Rxf2 29. Kxf2 Ng4+ 30. Kg1 Qe3+ 31. Kg2 Qe2+ 32. Kh3 Ne3 0-1

[Event "GRE-ch 72nd"]
[Site "Athens"]
[Date "2023.12.01"]
[Round "1"]
[White "Kotronias, Vasilios"]
[Black "Kalogeris, Ioannis"]
[Result "1/2-1/2"]
[WhiteElo "2440"]
[BlackElo "2427"]
[PlyCount "121"]
[EventDate "2023.12.01"]
[EventType "tourn"]
[EventRounds "9"]
[EventCountry "GRE"]
[EventCategory "6"]
[SourceTitle "CB50_2023"]
[SourceDate "2023.12.13"]
[SourceVersion "1"]
[SourceVersionDate "2023.12.13"]
[SourceQuality "1"]

1. e4 c6 2. d4 d5 3. e5 c5 4. dxc5 e6 5. a3 Bxc5 6. b4 Be7 7. Nf3 Nd7 8. c4 dxc4 9. Bxc4 Nb6 10. Bd3 Bd7 11. 0-0 Ba4 12. Qe2 Nd5 13. g3 Qd7 14. Bb2 Rd8 15. Nd4 h5 16. Nd2 h4 17. Rac1 Nh6 18. Ne4 Kf8 19. Qf3 hxg3 20. fxg3 Kg8 21. g4 a6 22. Rf2 Rc8 23. Nc5 Bxc5 24. bxc5 Qe7 25. Be4 Bc6 26. Rcf1 Rf8 27. Bc1 Nc7 28. Bxc6 bxc6 29. Nxc6 Qxc5 30. Bd2 Nd5 31. Rc1 Qb6 32. Nb4 Ne7 33. Bg5 Ng6 34. Nc6 Qb5 35. Qe4 Qb3 36. Rf3 Qb6+ 37. Kg2 Qb2+ 38. Rc2 Qb1 39. Rfc3 Re8 40. h4 Qd1 41. Rc4 Qd5 42. h5 Nxg4 43. Qxd5 exd5 44. Rxg4 Rxh5 45. Bf4 Kh7 46. Bg3 f6 47. exf6 gxf6 48. Rf2 Kg7 49. Nd4 Re4 50. Rxe4 dxe4 51. Nf5+ Kh7 52. Kf1 Rh1+ 53. Ke2 Ra1 54. Bd6 Ne5 55. Rg2 Nc4 56. Rg7+ Kh8 57. Rg3 Ra2+ 58. Ke1 Ra1+ 59. Ke2 Ra2+ 60. Ke1 Ra1+ 61. Ke2 1/2-1/2

[Event "SRB-chT Premier"]
[Site "Bajina Basta"]
[Date "2023.09.25"]
[Round "8.3"]
[White "Ter Sahakyan, Samvel"]
[Black "Kotronias, Vasilios"]
[Result "1-0"]
[WhiteElo "2614"]
[BlackElo "2451"]
[PlyCount "61"]
[EventDate "2023.09.18"]
[EventType "team-tourn"]
[EventRounds "11"]
[EventCountry "SRB"]
[SourceTitle "EXT 2024"]
[Source "ChessBase"]
[SourceDate "2023.10.10"]
[SourceVersion "1"]
[SourceVersionDate "2023.10.10"]
[SourceQuality "1"]
[WhiteTeam "Elemir Naftagas"]
[BlackTeam "Belgrade Crvena Zvezda"]
[WhiteTeamCountry "SRB"]
[BlackTeamCountry "SRB"]

1. e4 c5 2. Nf3 d6 3. d4 cxd4 4. Nxd4 Nf6 5. Nc3 Nc6 6. Bg5 e6 7. Qd2 a6 8. 0-0-0 Bd7 9. Kb1 Rc8 10. Nxc6 Bxc6 11. f3 Be7 12. h4 b5 13. Ne2 h6 14. Be3 Nd7 15. Nf4 h5 16. Qf2 Bb7 17. Nd3 Bf6 18. Bd4 Qc7 19. c3 0-0 20. Rg1 Bxd4 21. cxd4 Nf6 22. Qd2 Qb6 23. Nf2 b4 24. g4 b3 25. Bd3 bxa2+ 26. Ka1 Qxd4 27. gxh5 Nd7 28. e5 Qxe5 29. Rde1 Qf6 30. Ng4 Qd4 31. Bh7+ 1-0

[Event "SRB-chT Premier"]
[Site "Bajina Basta"]
[Date "2023.09.19"]
[Round "2.2"]
[White "Kotronias, Vasilios"]
[Black "Skoberne, Jure"]
[Result "1-0"]
[WhiteElo "2451"]
[BlackElo "2537"]
[PlyCount "83"]
[EventDate "2023.09.18"]
[EventType "team-tourn"]
[EventRounds "11"]
[EventCountry "SRB"]
[SourceTitle "EXT 2024"]
[Source "ChessBase"]
[SourceDate "2023.10.10"]
[SourceVersion "1"]
[SourceVersionDate "2023.10.10"]
[SourceQuality "1"]
[WhiteTeam "Belgrade Crvena Zvezda"]
[BlackTeam "Subotica Spartak"]
[WhiteTeamCountry "SRB"]
[BlackTeamCountry "SRB"]

1. e4 c5 2. Nf3 Nc6 3. d4 cxd4 4. Nxd4 Nf6 5. Nc3 e5 6. Ndb5 d6 7. Bg5 a6 8. Na3 b5 9. Nd5 Be7 10. Bxf6 Bxf6 11. c3 Bb7 12. Bd3 Ne7 13. Nxf6+ gxf6 14. Qe2 d5 15. 0-0-0 Qb6 16. exd5 0-0-0 17. c4 bxc4 18. Nxc4 Qc5 19. Qc2 Kb8 20. Ne3 Qa5 21. Bc4 Rd6 22. Kb1 Ka7 23. Bb3 Rd7 24. d6 Nc6 25. Rd5 Qb6 26. Nc4 Qd8 27. Qd2 Rg8 28. f3 Nd4 29. Rxd4 exd4 30. Qxd4+ Kb8 31. Ba4 Re7 32. Qd2 Re6 33. Rd1 Rg5 34. Qb4 a5 35. Qb3 Ka7 36. Qc3 Kb8 37. d7 Rd5 38. Rxd5 Bxd5 39. Nxa5 Ra6 40. Nc6+ Bxc6 41. Bxc6 Rb6 42. Qc5 1-0

[Event "GRE-chT 50th"]
[Site "Nikaia"]
[Date "2023.08.29"]
[Round "6.1"]
[White "Kotronias, Vasilios"]
[Black "Galopoulos, Nikolaos"]
[Result "0-1"]
[WhiteElo "2444"]
[BlackElo "2382"]
[PlyCount "84"]
[EventDate "2023.08.25"]
[EventType "team"]
[EventRounds "9"]
[EventCountry "GRE"]
[SourceTitle "EXT 2024"]
[Source "ChessBase"]
[SourceDate "2023.10.10"]
[SourceVersion "1"]
[SourceVersionDate "2023.10.10"]
[SourceQuality "1"]
[WhiteTeam "Ames Neas Erythreas"]
[BlackTeam "Neapolis Sykeon"]
[WhiteTeamCountry "GRE"]
[BlackTeamCountry "GRE"]

1. e4 c5 2. Nf3 d6 3. d4 cxd4 4. Nxd4 Nf6 5. Nc3 a6 6. Bg5 e6 7. f4 h6 8. Bh4 Nbd7 9. Qf3 e5 10. fxe5 Nxe5 11. Qe2 Be7 12. 0-0-0 Bg4 13. Nf3 Qa5 14. Be1 Rc8 15. a3 Qb6 16. Bf2 Qa5 17. h3 Rxc3 18. Be1 Nxf3 19. Bxc3 Qg5+ 20. Kb1 Nd4 21. Qe1 Bxd1 22. Bxd4 Bh5 23. g4 Bg6 24. e5 Ne4 25. exd6 Nd2+ 26. Ka1 Nf3 27. Qd1 Qd5 28. Bg2 Qxd4 29. dxe7 Qxd1+ 30. Rxd1 Nh4 31. Rd8+ Kxe7 32. Rxh8 Nxg2 33. c4 Be4 34. b4 Nf4 35. h4 Ng6 36. Rc8 Ne5 37. b5 axb5 38. cxb5 Nxg4 39. Kb2 f5 40. Rc7+ Kf6 41. Kc3 f4 42. Kd4 Bg2 0-1

[Event "GRE-chT 50th"]
[Site "Nikaia"]
[Date "2023.08.28"]
[Round "5.1"]
[White "Hristodoulou, Panagiotis"]
[Black "Kotronias, Vasilios"]
[Result "1/2-1/2"]
[WhiteElo "2358"]
[BlackElo "2444"]
[PlyCount "112"]
[EventDate "2023.08.25"]
[EventType "team"]
[EventRounds "9"]
[EventCountry "GRE"]
[SourceTitle "EXT 2024"]
[Source "ChessBase"]
[SourceDate "2023.10.10"]
[SourceVersion "1"]
[SourceVersionDate "2023.10.10"]
[SourceQuality "1"]
[WhiteTeam "OPHI"]
[BlackTeam "Ames Neas Erythreas"]
[WhiteTeamCountry "GRE"]
[BlackTeamCountry "GRE"]

1. e4 g6 2. d4 Bg7 3. Nf3 d6 4. Bc4 e6 5. 0-0 Ne7 6. Re1 a6 7. a4 Nd7 8. c3 b6 9. Nbd2 Bb7 10. Bb3 Nf6 11. Bc2 0-0 12. Nf1 c5 13. Ng3 cxd4 14. cxd4 Rc8 15. Bd2 Rc7 16. Bd3 Qa8 17. Qe2 h6 18. h3 Rd8 19. Rac1 Rxc1 20. Rxc1 Rc8 21. Rxc8+ Qxc8 22. e5 dxe5 23. dxe5 Nd7 24. Ne4 Nxe5 25. Nxe5 Bxe5 26. Bxh6 Nf5 27. Bg5 Qc6 28. Qc2 Qxc2 29. Bxc2 Bxb2 30. Bd3 Bc6 31. Kf1 Be5 32. g4 Nd6 33. Nxd6 Bxd6 34. Bxa6 Bxa4 35. Bd3 Bc6 36. Bf6 b5 37. Ke2 Kf8 38. Ke3 b4 39. h4 b3 40. h5 gxh5 41. gxh5 Ba3 42. Kd2 Be7 43. Bxe7+ Kxe7 44. Bc4 Ba4 45. Kc3 Kf6 46. Bd3 Kg5 47. Kb4 Bc6 48. Kxb3 Kxh5 49. Kc3 Kg4 50. Kd2 Kf3 51. Ke1 f5 52. Kf1 f4 53. Be2+ Ke4 54. Ke1 e5 55. Kd2 Kf5 56. f3 Ke6 1/2-1/2

[Event "Thessaloniki op 3rd"]
[Site "Thessaloniki"]
[Date "2023.08.10"]
[Round "7"]
[White "Rahman, Ziaur"]
[Black "Kotronias, Vasilios"]
[Result "1-0"]
[WhiteElo "2448"]
[BlackElo "2444"]
[PlyCount "55"]
[EventDate "2023.08.05"]
[EventType "swiss"]
[EventRounds "9"]
[EventCountry "GRE"]
[SourceTitle "CBM 215 Extra"]
[Source "ChessBase"]
[SourceDate "2023.09.30"]
[SourceVersion "1"]
[SourceVersionDate "2023.09.30"]
[SourceQuality "1"]

1. Nf3 Nf6 2. g3 g6 3. Bg2 Bg7 4. c4 0-0 5. 0-0 d6 6. d4 Nbd7 7. Nc3 e5 8. e4 exd4 9. Nxd4 Re8 10. h3 Nc5 11. Re1 h6 12. Bf4 Nh7 13. Rc1 Ng5 14. Kh2 Bd7 15. b4 Na4 16. Nxa4 Bxa4 17. Qxa4 Bxd4 18. Rcd1 Qf6 19. e5 Rxe5 20. Bxe5 dxe5 21. Re2 c6 22. Qb3 a5 23. bxa5 Rxa5 24. Qxb7 e4 25. Qd7 Ne6 26. Rxe4 c5 27. Rxe6 fxe6 28. Rb1 1-0

[Event "Aegean op 46th"]
[Site "Aghios Kirykos"]
[Date "2023.07.15"]
[Round "8"]
[White "Kotronias, Vasilios"]
[Black "Markantonaki, Haritomeni"]
[Result "1-0"]
[WhiteElo "2439"]
[BlackElo "2187"]
[PlyCount "49"]
[EventDate "2023.07.09"]
[EventType "swiss"]
[EventRounds "9"]
[EventCountry "GRE"]
[SourceTitle "CBM 215 Extra"]
[Source "ChessBase"]
[SourceDate "2023.09.30"]
[SourceVersion "1"]
[SourceVersionDate "2023.09.30"]
[SourceQuality "1"]

1. e4 e5 2. Nf3 Nc6 3. Bb5 a6 4. Ba4 Nf6 5. 0-0 b5 6. Bb3 Bb7 7. Re1 Bc5 8. c3 d6 9. d4 Bb6 10. Be3 0-0 11. Nbd2 h6 12. h3 exd4 13. cxd4 Na5 14. Bc2 c5 15. d5 Re8 16. b3 Rc8 17. Rc1 Ba8 18. Bb1 Nd7 19. Nf1 Nf8 20. Ng3 Ng6 21. Nf5 Qf6 22. Nh2 Nb7 23. Ng4 Qd8 24. Bxh6 gxh6 25. Qd2 1-0